Library Logo

Pioneer International University Library Catalogue

SECOND WORLD WAR (Record no. 9840)

MARC details
000 -LEADER
fixed length control field 00342nam a22001337a 4500
003 - CONTROL NUMBER IDENTIFIER
control field OSt
005 - DATE AND TIME OF LATEST TRANSACTION
control field 20251120083741.0
008 - FIXED-LENGTH DATA ELEMENTS--GENERAL INFORMATION
fixed length control field 251120b |||||||| |||| 00| 0 eng d
040 ## - CATALOGING SOURCE
Transcribing agency PENGUINE GROUPS
050 ## - LIBRARY OF CONGRESS CALL NUMBER
Classification number D 745.2 .C3 1972
245 ## - TITLE STATEMENT
Title SECOND WORLD WAR
Statement of responsibility, etc. CALVOCORESSI, PETER
260 ## - PUBLICATION, DISTRIBUTION, ETC.
Place of publication, distribution, etc. LONDON
Name of publisher, distributor, etc. PENGUINE GROUP
Date of publication, distribution, etc. 1972
942 ## - ADDED ENTRY ELEMENTS (KOHA)
Source of classification or shelving scheme Dewey Decimal Classification
Koha item type Books
Suppress in OPAC No
Holdings
Withdrawn status Lost status Source of classification or shelving scheme Damaged status Not for loan Home library Current library Date acquired Total checkouts Barcode Date last seen Price effective from Koha item type
    Library of Congress Classification     PIU Library PIU Library 11/20/2025   PIUD837 11/20/2025 11/20/2025 Books